| 000 | 00837nam a2200265 i 4500 | ||
|---|---|---|---|
| 001 | bg | ||
| 100 | 1 | _aSNOWDON, Brian | |
| 245 | 1 | 0 |
_aWspółczesne nurty teorii makroekonomii / _cBrian Snowdon, Howard Vane, Peter Wynarczyk ; przekł. Adam Szeworski. |
| 246 |
_iTyt. oryg.: _aA modern guide to macroeconomics |
||
| 260 |
_aWarszawa : _bWydawnictwo Naukowe PWN, _c1998. |
||
| 300 |
_a466 s. ; _c24 cm. |
||
| 500 | _aTyt. oryg.: "A modern guide to macroeconomics". | ||
| 504 | _aBibliogr. - Indeks. | ||
| 650 | 9 |
_aMakroekonomia _xteoria |
|
| 655 | _aPodręczniki akademickie | ||
| 700 | 1 | _aVANE, Howard | |
| 700 | 1 | _aWYNARCZYK, Peter | |
| 020 | _a8301125454 | ||
| 040 | _cBPK | ||
| 041 | 1 |
_apol _heng |
|
| 080 | _a330.101.541(075.8) | ||
| 920 | _a83-01-12545-4 | ||
| 942 | _cKS | ||
| 008 | s pl f |000 0 pol | ||
| 999 |
_c53360 _d53360 |
||
| 856 |
_uhttp://koha.tu.koszalin.pl/cgi-bin/koha/opac-detail.pl?biblionumber=53360 _yKatalog online BPK |
||